Study on Foreign exchange trade of Agrani bank limited / (Record no. 14124)
[ view plain ]
| 000 -LEADER | |
|---|---|
| fixed length control field | 00979nam a22002417a 4500 |
| 003 - CONTROL NUMBER IDENTIFIER | |
| control field | BD-DhSAU |
| 005 - DATE AND TIME OF LATEST TRANSACTION | |
| control field | 20181202153514.0 |
| 008 - FIXED-LENGTH DATA ELEMENTS--GENERAL INFORMATION | |
| fixed length control field | 160419b2016 bg ||||| |||| 001 0 eng d |
| 040 ## - CATALOGING SOURCE | |
| Original cataloging agency | BD-DhSAU |
| 082 ## - DEWEY DECIMAL CLASSIFICATION NUMBER | |
| Edition number | 22 |
| Classification number | 338.1 |
| Item number | C3495 |
| 100 ## - MAIN ENTRY--PERSONAL NAME | |
| Personal name | Chakma , Abhi |
| Relator term | Registration #10-03894 |
| 245 ## - TITLE STATEMENT | |
| Title | Study on Foreign exchange trade of Agrani bank limited / |
| Remainder of title | MS thesis |
| Statement of responsibility, etc. | Chakma , Abhi |
| 260 ## - PUBLICATION, DISTRIBUTION, ETC. (IMPRINT) | |
| Place of publication, distribution, etc. | Sher-e-Bangla Agricultural Uniersity : |
| Name of publisher, distributor, etc. | Department of Agricultural Economics, |
| Date of publication, distribution, etc. | 2016 |
| 300 ## - PHYSICAL DESCRIPTION | |
| Extent | vi, 74p. : |
| Other physical details | ill. ; |
| Dimensions | 30 cm. |
| 500 ## - GENERAL NOTE | |
| General note | MS thesis, Department of Agricultural Economics, Faculty of Agriculture, Sher-e-Bangla Agricultural University, Dhaka, Bangladesh |
| 590 ## - Name of Cataloguer | |
| Name of Cataloger | Shofi |
| 650 ## - SUBJECT ADDED ENTRY--TOPICAL TERM | |
| Topical term or geographic name as entry element | Agricultural Economics |
| 650 ## - SUBJECT ADDED ENTRY--TOPICAL TERM | |
| Topical term or geographic name as entry element | Foreign exchange trade |
| 650 ## - SUBJECT ADDED ENTRY--TOPICAL TERM | |
| Topical term or geographic name as entry element | Agrani bank limited |
| 700 ## - ADDED ENTRY--PERSONAL NAME | |
| Personal name | Begum , Rokeya |
| Relator term | Supervisor |
| 856 ## - ELECTRONIC LOCATION AND ACCESS | |
| Uniform Resource Identifier | <a href=" http://archive.saulibrary.edu.bd:8080/xmlui/handle/123456789/1883 "> http://archive.saulibrary.edu.bd:8080/xmlui/handle/123456789/1883 </a> |
| Link text | Online Access |
| 942 ## - ADDED ENTRY ELEMENTS (KOHA) | |
| Source of classification or shelving scheme | Dewey Decimal Classification |
| Koha item type | MS Level Thesis |
| Withdrawn status | Lost status | Source of classification or shelving scheme | Damaged status | Not for loan | Collection code | Home library | Branch Name | Date acquired | Total Checkouts | Full call number | Barcode | Date last seen | Price effective from | Koha item type |
|---|---|---|---|---|---|---|---|---|---|---|---|---|---|---|
| Dewey Decimal Classification | Not For Loan | Reference | SAU Library | SAU Library | 25/10/2017 | 338.1 C3495 | 40396 | 07/11/2017 | 07/11/2017 | MS Level Thesis |
